02438naa a2200229 a 450000100080000000500110000800800410001910000190006024501260007926000090020552017620021465300250197665300270200165300110202865300210203970000190206070000170207970000220209670000200211870000170213877300530215511221852014-11-03 2014 bl uuuu u00u1 u #d1 aSCHVEITZER, B. aInflu??ncia da aplica????o de thidiazuron sobre os teores minerais em frutos de macieira 'DAIANE'.h[electronic resource] c2014 aO uso de reguladores de crescimento com a????o de citocininas, aplicados na flora????o da macieira podem aumentar a frutifica????o efetiva. Neste sentido, o regulador de crescimento Thidiazuron (TDZ) apresenta uma a????o direta no aumento da frutifica????o efetiva, tamanho e forma dos frutos. Com isto, acredita-se que poder?? implicar nos teores minerais da polpa dos frutos da ma????, os quais s??o importantes influ??ncias para o armazenamento p??s colheita, pois in??meros dist??rbios fisiol??gicos em frutos de macieira s??o atribu??dos a defici??ncias nutricionais, especialmente o teor de Ca e as rela????es N/Ca, K/Ca e K+Mg/Ca. O objetivo do trabalho foi verificar o efeito da aplica????o de TDZ em diferentes concentra????es, nos teores minerais da polpa fresca de ma????s, em duas formas de amostragem, fatia longitudinal inteira (cunha inteira) e cunha da parte inferior do fruto (cunha calicinar). O efeito de concentra????es de TDZ 0, 5, 10, 15, 20, 25 e 10 + 10 ppm foram estudadas, comparando as duas ??reas de amostragem. Analisou-se 15 frutos por amostra, com delineamento experimental em blocos casualizados, com seis repeti????es. Utilizaram se frutos da macieira ?Daiane‟, onde os teores minerais da polpa fresca de N, P, K, Ca, Mg e suas rela????es foram determinados. Os resultados obtidos mostraram que aplica????es de TDZ promovem varia????es no teores de P e Ca nos frutos, independentemente da ??rea amostrada. A ??rea calicinar dos frutos est?? mais sujeita a altera????es minerais quando feitas aplica????es de TDZ do que o restante do fruto, principalmente K, Ca e Mg. Aplica????es de TDZ em concentra????es acima de 15 ppm promovem redu????o na rela????o N/Ca na por????o calicinar de frutos de macieira ?Daiane‟. aan??lise nutricional afrutifica????o efetiva aMa???? aMalus dom??stica1 aGABARDO, G. C.1 aPETRI, J. L.1 aESPERAN??A, C. F.1 aSILVA, C. D. S.1 aPOLLI, R. G. tRevista Congrega Urcamp, Bag??, RS, p. 1-, 2014.